Statistics for The Only Flag That...

Click here to take the quiz!

General Stats

  • This quiz has been taken 58 times
  • The average score is 10 of 16

Answer Stats

DecriptionCountryFlag% Correct
Has 50 starsUnited States
100%
Depicts a single leafCanada
92%
Is non-rectangularNepal
92%
Depicts a templeCambodia
90%
Depicts a dragonBhutan
84%
Includes the words "Ordem E Progresso"Brazil
80%
Depicts a Kalashnikov rifleMozambique
74%
Has a star with 6 pointsIsrael
72%
Has an orange circleNiger
60%
Uses only black and redAlbania
54%
Includes the words الله أكبر (ʾAllāhu ʾakbar) 22 timesIran
52%
Has a single black starGhana
44%
Uses no red, white, or blueJamaica
42%
Has a crescent with 12 starsUzbekistan
42%
Is more than twice as long as it is tallQatar
34%
Has stars that are cut in halfBosnia and Herzegovina
22%

Score Distribution

Percentile by Number Answered

Percent of People with Each Score

Your Score History

You have not taken this quiz